|
|
|
|
| LEADER |
00000nam0a2200000 4500 |
| 001 |
198436 |
| 005 |
20240116125339.0 |
| 010 |
|
|
|a 9785911911621
|
| 035 |
|
|
|a (RuTPU)RU\TPU\book\216426
|
| 090 |
|
|
|a 198436
|
| 100 |
|
|
|a 20110629d2010 k y0rusy50 ca
|
| 101 |
0 |
|
|a rus
|
| 102 |
|
|
|a RU
|
| 105 |
|
|
|a a z 001zy
|
| 200 |
1 |
|
|a Модели и алгоритмы управления региональными и муниципальными долговыми обязательствами
|f Е. А. Кузьмина, А. А. Мицель, Т. Ю. Чернышева
|g Томский государственный университет систем управления и радиоэлектроники (ТУСУР)
|
| 210 |
|
|
|a Томск
|c В-Спектр
|d 2010
|
| 215 |
|
|
|a 156 с.
|c ил.
|
| 320 |
|
|
|a Библиография в конце глав.
|
| 330 |
|
|
|a В монографии рассматриваются вопросы оптимизации управления региональными долговыми обязательствами, включая облигационный долг. Проведена систематизация основных теоретических подходов к управлению региональным долгом и выявлены ключевые факторы для анализа долговой политики муниципального уровня. Рассмотрены методики выбора наилучшей формы долгового обязательства среди альтернатив на основе принципа «выгоды-издержки» и модели аналитического планирования долга методом анализа иерархий. Предложены алгоритм определения даты размещения облигационного займа и модели прогнозирования эффективной доходности при размещении субфедеральных (муниципальных) облигаций. Рассмотрена стратегия поведения эмитента на вторичном рынке субфедеральных (муниципальных) облигаций. Монография адресована специалистам в сфере муниципального и регионального управления, широкому кругу участников инвестиционного процесса и рынка ценных бумаг, государственным служащим, научно-педагогическим работникам, аспирантам и студентам вузов экономических и управленческих специальностей.
|
| 606 |
1 |
|
|a Финансовый менеджмент
|2 stltpush
|3 (RuTPU)RU\TPU\subj\37217
|9 58322
|
| 610 |
1 |
|
|a финансы
|
| 610 |
1 |
|
|a управление
|
| 610 |
1 |
|
|a алгоритмы
|
| 610 |
1 |
|
|a модели
|
| 610 |
1 |
|
|a региональные финансы
|
| 610 |
1 |
|
|a муниципальные финансы
|
| 610 |
1 |
|
|a долговые обязательства
|
| 610 |
1 |
|
|a региональные долги
|
| 610 |
1 |
|
|a облигационный рынок
|
| 610 |
1 |
|
|a эмитенты
|
| 610 |
1 |
|
|a прогнозирование
|
| 686 |
|
|
|a У9(2)261.11
|2 rubbk
|
| 700 |
|
1 |
|a Кузьмина
|b Е. А.
|g Елена Александровна
|
| 701 |
|
1 |
|a Мицель
|b А. А.
|c математик
|c профессор Томского политехнического университета, доктор технических наук
|f 1947-
|g Артур Александрович
|3 (RuTPU)RU\TPU\pers\24244
|9 10730
|
| 701 |
|
1 |
|a Чернышёва
|b Т. Ю.
|c специалист в области информатики и вычислительной техники
|c доцент Юргинского технологического института (филиала) Томского политехнического университета, кандидат технических наук
|f 1974-
|g Татьяна Юрьевна
|3 (RuTPU)RU\TPU\pers\25981
|9 11830
|
| 712 |
0 |
2 |
|a Томский государственный университет систем управления и радиоэлектроники (ТУСУР)
|c (1997 - )
|3 (RuTPU)RU\TPU\col\422
|
| 801 |
|
1 |
|a RU
|b 63413507
|c 20110629
|
| 801 |
|
2 |
|a RU
|b 63413507
|c 20151207
|g RCR
|
| 942 |
|
|
|c BK
|